[Event "FEDA International IM 2020"]
[Site "La Palma"]
[Date "2020.12.01"]
[Round "2.4"]
[White "Garrido Outon, Alex"]
[Black "Macias Pino, Diego"]
[Result "1/2-1/2"]
[WhiteElo "2359"]
[BlackElo "2153"]
[Annotator "TA"]
[PlyCount "91"]
[EventDate "2020.11.29"]
[EventCountry "ESP"]
[SourceTitle "playchess.com"]
[Source "ChessBase"]
[SourceQuality "1"]

{[%evp 15,91,39,51,30,30,30,30,30,29,29,43,33,32,32,41,16,20,13,116,85,130,131,113,108,191,194,204,73,95,0,0,8,29,0,0,-199,-191,-191,-192,-167,-136,-136,-150,-139,-136,-162,-166,-154,-163,-168,-125,-142,-88,-113,-131,-185,-195,-197,-120,-120,-120,-128,-129,-119,8,8,8,8,8,8,8,8,8,8,54,8,8,8]} 1. e4 e5 2. Nf3 Nc6 3. Bb5 a6 4. Ba4 b5 5. Bb3 Na5 6. O-O d6 7. d4 exd4 {The main line 7...exd4 scores better than 7...Nxb3.} 8. Nxd4 Bb7 {next ...c5 is good for Black.} 9. a4 {C70: Ruy Lopez: 3...a6 4 Ba4, Norwegian and Delayed Schliemann.} c5 10. Qf3 {[%csl Gb3][%cal Rf3f7] [#]} Nxb3 $146 ({Predecessor:} 10... Nf6 11. Nf5 g6 12. Nh6 Nxb3 13. Qxb3 Qd7 14. axb5 axb5 15. Rxa8+ Bxa8 16. Re1 Bxh6 17. Bxh6 {1-0 (35) Wang,H (2709)-Vallejo Pons,F (2707) Riadh 2017}) 11. Nxb3 {White has an edge.} Nf6 12. Rd1 Qb6 ({Of course not} 12... Nxe4 13. N1d2 $16) 13. axb5 axb5 14. Rxa8+ Bxa8 15. Qf5 Qb7 16. Bg5 Qd7 (16... Be7 $11 {remains equal.}) 17. Qf4 Qg4 18. Qxg4 Nxg4 19. Nc3 b4 {[#]} (19... Bc6 $16) 20. Nb5 $1 $18 {[%cal Rb5c7]} Kd7 {[#]} 21. f3 (21. Nxd6 $1 $18 Bxd6 22. Bf4) 21... Ne5 22. Bf4 ({White should play} 22. Na5 $16) 22... Kc6 $11 23. Na7+ Kb6 24. Bxe5 (24. Ra1 $5 {[%cal Ra7c8]}) 24... dxe5 25. Rd7 $2 (25. Ra1 $1 $11 {and White has nothing to worry.}) 25... c4 $19 26. Nd2 Bc5+ 27. Kf1 Ka6 28. Nxc4 Rf8 29. Nxe5 Bxa7 30. b3 Bb8 31. Nd3 Ka5 32. Rd4 Rc8 33. Rxb4 Bc6 (33... Bxh2 $142 34. e5 g5) 34. Rd4 Bxh2 35. c4 (35. e5 $17) 35... Bc7 36. b4+ {[%cal Bb3b4,Bb4b5,Bb5b6,Bb6b7][%mdl 32]} Ka4 (36... Kb6 $19 37. Ke2 Ra8) 37. b5 $17 Be8 38. b6 Bg3 39. e5 h5 ({Better is} 39... f5 $17 40. exf6 gxf6) 40. b7 $1 $11 {[%cal Rb7c8]} Rb8 {And now ...Kb3 would win.} 41. Nc5+ $1 Ka5 42. Rd6 $1 {[%cal Rd6a6] Hoping for Ra6+.} Bxe5 43. Rd5 {Threatens to win with Nd7+.} Kb6 {White must now prevent ...f6.} 44. Rxe5 Bc6 45. Ne4 ({Much worse is} 45. Rxh5 g6 $11) 45... Bxe4 46. Rxe4 {What a bad dream for Black.  Weighted Error Value: White=0.20/Black=0.22} 1/2-1/2

[Event "FEDA International IM 2020"]
[Site "La Palma"]
[Date "2020.12.01"]
[Round "2.5"]
[White "Adla, Diego"]
[Black "Sosa, Tomas"]
[Result "1/2-1/2"]
[WhiteElo "2433"]
[BlackElo "2529"]
[Annotator "TA"]
[PlyCount "188"]
[EventDate "2020.11.29"]
[EventCountry "ESP"]
[SourceTitle "playchess.com"]
[Source "ChessBase"]
[SourceQuality "1"]

{[%evp 13,188,9,6,0,0,0,9,-15,-6,-16,-13,-59,-54,-59,-55,-54,-52,-63,-36,-80,-72,-62,-15,-18,-23,-43,-27,-28,-24,-22,-12,-33,-9,-18,-17,-150,-146,-163,-41,-40,-27,-40,-37,-172,-160,-220,-65,-61,-56,-56,-56,-64,-53,-57,-52,-42,-65,-51,-34,-141,-47,-47,-47,-47,-47,-47,-47,-52,-52,-52,-47,-52,-52,-54,-47,-47,-47,-54,-21,-30,-21,-25,-19,-41,-26,-41,-41,-41,-21,-41,-19,-41,-21,-35,-34,-34,-34,-47,-41,-47,-41,-41,-34,-47,-26,-25,-8,-22,-22,-26,-16,-27,-11,-22,-10,-26,-16,-27,-29,-47,-47,-47,-34,-34,-34,-47,-47,-47,-47,-47,-47,-47,-47,-47,-47,-47,-47,-47,-47,-47,-47,-42,-34,-34,-34,-34,-34,-34,-34,-34,-34,-41,-34,-48,-41,-43,-27,-23,-23,-27,-27,-41,-21,-22,-22,-22,-22,-22,0,-23,0,-23,-14,-10,0,-16,0]} 1. c4 e5 2. Nc3 d6 3. Nf3 f5 4. d3 Nf6 5. g3 Be7 6. Bg2 O-O 7. O-O a5 8. e3 {A21: English Opening: 1...e5 2 Nc3.} c6 9. b3 {[#]} Qe8 $146 ({Predecessor:} 9... Na6 10. Bb2 Qe8 11. Na4 Nd7 12. d4 e4 13. Ne1 d5 14. cxd5 cxd5 15. Nc2 Nb4 16. Nxb4 axb4 {½-½ (24) Krause,C (1990)-Waldner,A (2070) Bayern 2014}) 10. c5 Na6 11. cxd6 Bxd6 12. Nd2 Bc7 13. Qe2 Be6 14. Bb2 Rd8 15. Rad1 Nb4 16. Nf3 Qh5 17. Rd2 e4 (17... Rfe8 {looks sharper.} 18. h3 Qh6 19. Rdd1 f4 20. g4 Nd7) 18. dxe4 fxe4 19. Rxd8 Rxd8 20. Nd4 $1 Qxe2 21. Ncxe2 Bf7 22. Nc3 c5 $36 {[%mdl 2048] Black has good play.} 23. Ndb5 Be5 24. Bc1 (24. Ba1 $1 $11) 24... c4 $17 25. a3 cxb3 (25... Nbd5 $1 $19 {[%cal Rd5c3]} 26. Rd1 cxb3 27. Nxe4 Rc8) 26. axb4 $15 axb4 27. Rd1 Ra8 {[%mdl 1024] Black has compensation.} 28. Nb1 ({White must play} 28. Nxe4 $15 Ra1 29. Nxf6+ Bxf6 30. Bf3 (30. Bxb7 $2 b2 $19)) 28... b2 $19 29. Bd2 {[#]} (29. Bxb2 $17 {was worth a try.} Bxb2 30. Nd6) 29... Bb3 $2 (29... Ra4 $1 $19 30. Nd4 Bxd4 31. exd4 Bb3) 30. Re1 $15 Bc2 31. Bxb4 Bxb1 32. Rxb1 Ra1 33. Na3 Nd5 34. Bxe4 ({But not} 34. Bc5 $2 b6 $19) 34... Nxb4 35. Nc4 Bf6 36. Rf1 {[#]} ({White should play} 36. Nd6 $15) 36... Rc1 ({Black should try} 36... b5 $1 $17 {[%cal Rb5c4]} 37. Nd2 Rc1) 37. Nxb2 $1 Bxb2 38. Rxc1 Bxc1 39. Bxb7 Kf7 40. h4 Ke6 41. Kf1 Kf5 42. Bc8+ Ke4 43. Ke2 Kd5 44. Bf5 h6 45. Bg6 Kc4 {Threatening ...Kc3.} 46. Bf7+ Kc3 47. Bg6 Ba3 48. Be4 Na2 {With the idea ...Nc1+.} 49. Bg6 Nc1+ 50. Kd1 Kb2 51. Bh7 Bb4 {next ...Be7 is good for Black.} 52. Bg6 Na2 53. Bh7 Nc3+ 54. Kd2 Nd5+ 55. Kd1 Ba5 56. Bg6 Nf6 57. Bf5 Bb4 58. Bg6 Ng4 59. Ke2 Kc1 60. Be4 Nf6 61. Bc6 {Cut Off at move 61} Ba5 62. Bb7 Nd7 {Black wants to play ...Kc2.} 63. Bc6 Nc5 64. Ba8 Na4 {White should prevent ...Kb2.} 65. Bb7 Nc3+ 66. Ke1 Kc2 67. Ba6 Na2+ 68. Ke2 Nc1+ 69. Kf1 Kd2 70. Bb7 Nd3 71. Bc6 Ne5 72. Bb5 Ng4 73. Bd7 Nf6 74. Bc6 Bc7 75. Bf3 Ne8 76. Be4 Nd6 77. Bg6 Nc4 {Strongly threatening ...Bb6.} 78. Bf7 Ne5 79. Be8 Bb6 80. Bb5 Ng4 {Threatens to win with ...Bc5.} 81. Bd7 Nf6 82. Bc6 Bc5 83. Bf3 Bd6 84. Bc6 Ng4 85. Bd7 Ne5 86. Bb5 Be7 87. Be8 Nf3 {And now ...g5 would win.} 88. Bc6 Nh2+ 89. Kg2 Ng4 {...Ke1 is the strong threat.} 90. Kf1 Ne5 91. Be8 Bd6 {aiming for ...Bc5.} 92. Bb5 Bc5 {Hoping for ...Ng4.} 93. Be8 Bd6 {White must now prevent ...Bc5.} 94. Bb5 Bc5 {Weighted Error Value: White=0.20/Black=0.17} 1/2-1/2

[Event "FEDA International IM 2020"]
[Site "La Palma"]
[Date "2020.12.02"]
[Round "3.1"]
[White "Sosa, Tomas"]
[Black "Vergara Anton, Diego"]
[Result "1-0"]
[WhiteElo "2529"]
[BlackElo "2177"]
[Annotator "ChessBase"]
[PlyCount "105"]
[EventDate "2020.11.29"]
[EventCountry "ESP"]
[SourceTitle "playchess.com"]
[Source "ChessBase"]
[SourceQuality "1"]

1. g3 d5 2. Nf3 Nf6 3. Bg2 e6 4. O-O Be7 5. d3 c5 6. Nbd2 Nc6 7. e4 dxe4 8. dxe4 e5 9. c3 O-O 10. Qe2 Qc7 11. Re1 h6 12. Nh4 Bg4 13. Bf3 Be6 14. Nf5 Rfd8 15. Nc4 b5 16. Nce3 c4 17. a4 a6 18. axb5 axb5 19. Rxa8 Rxa8 20. Nd5 Qd7 21. Nb6 Qb7 22. Nxe7+ Nxe7 23. Nxa8 Qxa8 24. Be3 Qb7 25. Ra1 Nc6 26. Qd2 Ne8 27. Bc5 Kh7 28. Qe3 Nf6 29. Qe2 Nd7 30. Be3 Nb6 31. Bxb6 Qxb6 32. Bg4 Nd8 33. Ra8 g6 34. Qd1 h5 35. Bxh5 Nb7 36. Bg4 Nc5 37. Qf3 Qb7 38. Ra1 Bxg4 39. Qxg4 Nd3 40. Qe2 b4 41. cxb4 Qxb4 42. Ra7 Kg7 43. Qf3 Qf8 44. Rb7 Qe8 45. h4 Nc5 46. Rc7 Ne6 47. Rxc4 Qb5 48. Qc3 Kh7 49. b4 Qa6 50. Rc6 Qb7 51. Rxe6 fxe6 52. Qxe5 Qxb4 53. Qxe6 1-0

[Event "FEDA International IM 2020"]
[Site "La Palma"]
[Date "2020.12.02"]
[Round "3.2"]
[White "Macias Pino, Diego"]
[Black "Adla, Diego"]
[Result "1/2-1/2"]
[WhiteElo "2153"]
[BlackElo "2433"]
[Annotator "NA"]
[PlyCount "55"]
[EventDate "2020.11.29"]
[EventCountry "ESP"]
[SourceTitle "playchess.com"]
[Source "ChessBase"]
[SourceQuality "1"]

1. e4 c5 2. Nc3 e6 3. Nf3 d6 4. d4 cxd4 5. Nxd4 Nf6 6. g4 e5 7. Bb5+ Bd7 8. Bxd7+ Qxd7 9. Nf5 h5 10. Bg5 Nh7 11. f4 g6 12. Ne3 Nxg5 13. fxg5 Be7 14. h4 hxg4 15. Kf2 ({Reject} 15. Qxg4 Qxg4 16. Nxg4 Bxg5 $15) ({Of course not} 15. Nxg4 Bxg5 {[%mdl 64] Pin} 16. Qf3 Rxh4 $17) 15... Na6 16. Ncd5 Rc8 $16 (16... Nc5 $11) 17. Nxg4 Kf8 18. Kg3 Nc7 19. Nxc7 Rxc7 20. Qd5 Qc6 21. Ne3 Qxd5 22. Nxd5 Rxc2 23. Rac1 Rc6 24. Nb4 Rc5 25. Nd3 Rc6 26. Nb4 Rc5 27. Nd3 Rc6 28. Nb4 1/2-1/2

[Event "FEDA International IM 2020"]
[Site "La Palma"]
[Date "2020.12.02"]
[Round "3.3"]
[White "Quispe Arteaga, Gabriel"]
[Black "Garrido Outon, Alex"]
[Result "1/2-1/2"]
[WhiteElo "2397"]
[BlackElo "2359"]
[Annotator "NA"]
[PlyCount "60"]
[EventDate "2020.11.29"]
[EventCountry "ESP"]
[SourceTitle "playchess.com"]
[Source "ChessBase"]
[SourceQuality "1"]

1. Nf3 Nf6 2. g3 d5 3. Bg2 Bf5 4. b3 e6 5. Bb2 h6 6. O-O Be7 7. d3 O-O 8. Nbd2 Bh7 9. Qe1 a5 10. a3 c6 11. e4 Nbd7 12. Kh1 Qb6 13. Qe2 Qa6 14. e5 Ne8 15. a4 Nc7 16. Ne1 b5 17. f4 $15 bxa4 18. Rxa4 Nb6 19. Ra2 a4 20. Nef3 Qb7 21. Rfa1 Na6 22. Ba3 axb3 23. Nxb3 Nb4 24. Bxb4 Bxb4 25. Qf2 Rxa2 26. Rxa2 Ra8 27. Rxa8+ Nxa8 28. Nh4 Qb6 29. Qxb6 Nxb6 30. Nf3 c5 1/2-1/2

[Event "FEDA International IM 2020"]
[Site "La Palma"]
[Date "2020.12.02"]
[Round "3.4"]
[White "Habans Aguerrea, Javier"]
[Black "Abergel, Thal"]
[Result "1/2-1/2"]
[WhiteElo "2269"]
[BlackElo "2444"]
[Annotator "NA"]
[PlyCount "117"]
[EventDate "2020.11.29"]
[EventCountry "ESP"]
[SourceTitle "playchess.com"]
[Source "ChessBase"]
[SourceQuality "1"]

1. d4 d5 2. c4 e6 3. Nf3 a6 4. Qc2 dxc4 5. a4 c5 6. dxc5 Bxc5 7. Qxc4 Qb6 ({Better is} 7... Nd7 $15) 8. Be3 Nd7 9. Bxc5 Qxc5 $11 10. Nbd2 Ngf6 11. b4 Qe7 12. a5 O-O 13. g3 b5 14. Qh4 Bb7 15. Bg2 Rfd8 16. O-O Nf8 17. Rab1 Rac8 18. Qg5 h6 19. Qe5 Nd5 20. Nh4 Ba8 21. Bxd5 Bxd5 22. e4 f6 23. Qb2 Bb7 24. Rbc1 Qd6 25. Nhf3 Qd3 26. Rxc8 Rxc8 27. Rc1 Rxc1+ 28. Qxc1 Bxe4 29. Nxe4 Qxe4 30. Qc3 e5 31. Ne1 Qd5 32. Nd3 Qd6 33. Nc5 Ne6 34. Nxe6 Qxe6 35. Qc7 Kh7 36. Qb6 Qc8 37. Qc5 Qb7 38. Qb6 Qa8 39. Qe6 Qb7 40. Qb6 Qc8 41. Qc5 Qxc5 42. bxc5 b4 43. c6 b3 44. c7 b2 45. c8=Q b1=Q+ 46. Kg2 Qd3 47. Qe6 h5 48. h4 Kh6 49. Qc6 Qe2 50. Qc1+ Kh7 51. Qc6 f5 52. Qe6 Qe4+ 53. Kg1 Qe1+ 54. Kg2 Qxa5 55. Qxf5+ Kg8 56. Qc8+ Kf7 57. Qd7+ Kf8 58. Qd6+ Kg8 59. Qe6+ 1/2-1/2

[Event "FEDA International IM 2020"]
[Site "La Palma"]
[Date "2020.12.02"]
[Round "3.5"]
[White "Alonso Garcia, Aaron"]
[Black "Hernandez, Cristian Andres"]
[Result "0-1"]
[WhiteElo "2258"]
[BlackElo "2322"]
[Annotator "NA"]
[PlyCount "86"]
[EventDate "2020.11.29"]
[EventCountry "ESP"]
[SourceTitle "playchess.com"]
[Source "ChessBase"]
[SourceQuality "1"]

1. e4 c5 2. Nf3 Nc6 3. d4 cxd4 4. Nxd4 e5 5. Nb5 a6 6. Nd6+ Bxd6 7. Qxd6 Qe7 8. Qd2 Nf6 9. Nc3 d6 10. b3 Be6 11. Bb2 $11 O-O 12. Bd3 Rad8 13. Nd5 Bxd5 14. exd5 Nb8 15. c4 Nbd7 16. O-O Nh5 17. Rae1 f5 18. f4 e4 19. Be2 Nhf6 20. Bd4 b6 21. Qe3 Rb8 22. Qh3 g6 23. Qh4 Nxd5 24. Qh6 N5f6 25. h3 Nc5 26. g4 Ne6 27. Bb2 Ng7 28. Rd1 Rbd8 29. Rf2 Rf7 30. Rg2 Kh8 31. g5 Ng8 32. Qh4 Qc7 33. Qg3 Ne7 34. h4 Kg8 35. Rh2 d5 36. h5 gxh5 37. cxd5 b5 38. g6 Nxg6 39. Bxh5 Nxh5 40. Rxh5 Kf8 41. Qg5 Ke8 42. Rh6 Qc2 43. Qh5 Nxf4 0-1

[Event "FEDA International IM 2020"]
[Site "La Palma"]
[Date "2020.12.03"]
[Round "4.1"]
[White "Vergara Anton, Diego"]
[Black "Hernandez, Cristian Andres"]
[Result "0-1"]
[WhiteElo "2177"]
[BlackElo "2322"]
[Annotator "TA"]
[PlyCount "154"]
[EventDate "2020.11.29"]
[EventCountry "ESP"]
[SourceTitle "playchess.com"]
[Source "ChessBase"]
[SourceQuality "1"]

{[%evp 14,154,0,0,0,0,7,0,0,0,5,0,6,6,13,14,25,10,0,-20,14,19,20,11,17,7,10,0,0,0,0,-25,0,0,0,0,0,0,103,60,78,38,35,26,21,25,45,0,4,0,11,7,33,0,0,0,0,0,0,0,0,0,0,0,17,0,0,0,0,0,0,0,0,0,0,0,0,0,0,0,0,0,0,0,0,0,0,0,0,0,0,0,0,0,0,0,0,0,0,0,0,0,0,-80,-67,-234,-255,-256,-225,-234,-183,-847,-788,-717,-608,-29965,-29967,-29967,-250,-29968,-29969,-29961,-29961,-29959,-29961,-29957,-29959,-29975,-29976,-29976,-29976,-29976,-29977,-29977,-29978,-29978,-29977,-29992,-29993,-29993,-29986,-29994,-29982]} 1. d4 Nf6 2. Nf3 d5 3. g3 e6 4. Bg2 b5 5. a4 b4 6. c4 bxc3 7. Nxc3 Be7 8. O-O O-O {A46: 1 d4 Nf6 2 Nf3 e6: Torre, London and Colle Systems.} 9. Ne5 c6 {[#]} 10. Re1 $146 ({Predecessor:} 10. a5 Nfd7 11. Nd3 Na6 12. e4 Nc7 13. Qc2 Ba6 14. Rd1 Rb8 15. Bf4 Bc4 16. Nc1 {½-½ (60) Gonzalez Zamora,J (2535)-Ibarra Chami,L (2423) Merida 2019}) 10... Nfd7 {The position is equal.} 11. Nd3 Bf6 12. e3 a5 13. b3 Na6 14. Ba3 Re8 15. Rc1 Qb6 16. Nb1 Be7 17. Bxe7 Rxe7 18. Nd2 Bb7 19. Nf3 Rc8 20. Nfe5 Nxe5 21. Nxe5 c5 22. Bf1 Rec7 23. Bb5 cxd4 24. Rxc7 Nxc7 25. Qxd4 Na8 (25... Qxd4 $11 {keeps the balance.} 26. exd4 Na6) 26. Nd3 Qd6 27. b4 (27. Rb1 {keeps more tension.} Nb6 28. b4 Nc4 29. Qa7 Qc7 30. Nc5) 27... axb4 28. Qxb4 (28. Rb1 {is interesting.} Nc7 29. Rxb4 Ra8 30. Rb1 Ba6 31. Bxa6 Qxa6 32. Nc5) 28... Qxb4 29. Nxb4 Kf8 30. Rb1 Nc7 31. Bc6 Ba8 32. a5 Ke7 33. Bxa8 Rxa8 $14 {[%mdl 4096] Endgame KRN-KRN} 34. Ra1 Na6 35. Nxa6 Rxa6 $11 {KR-KR} 36. Kf1 Kd6 37. Ke2 e5 38. Kd3 h5 39. h4 f6 40. Ke2 Kc5 41. Rc1+ Kd6 42. Ra1 g6 43. Kf3 Kc5 44. Rc1+ Kd6 45. Ra1 Ke6 46. Ra2 g5 47. Ra1 g4+ 48. Ke2 Kd6 49. Ra2 Kc5 50. Rc2+ Kb4 51. Rb2+ Kc3 52. Ra2 Kb3 53. Ra1 Kb4 54. Rb1+ Kxa5 55. Rb7 Rb6 56. Rd7 Rb2+ 57. Ke1 Rb5 58. Rf7 (58. Kd2 $11 {remains equal.}) 58... Kb4 $17 59. Rxf6 $2 {[#] White does not recover from this.} (59. Rh7 $15) 59... Kc3 $1 $19 60. Rf5 Rb1+ 61. Ke2 {Cut Off at move 61} Rb2+ 62. Ke1 $2 {[#]} (62. Kf1 d4 63. exd4 (63. Rxe5 $2 d3 $19) 63... exd4 64. Rxh5) 62... d4 $1 63. exd4 exd4 64. Rxh5 Rb1+ 65. Ke2 d3+ 66. Ke3 {Hoping for Rc5+.} d2 {Black mates.} 67. Rc5+ Kb4 68. Rd5 d1=Q 69. Rxd1 Rxd1 70. f3 gxf3 71. Kxf3 {KR-KPP} Kc5 72. Kf4 Kd6 73. g4 Ke6 74. Kg5 Rg1 75. Kh5 Kf6 76. g5+ Kg7 77. g6 Rb1 {Weighted Error Value: White=0.15/Black=0.07} 0-1

[Event "FEDA International IM 2020"]
[Site "La Palma"]
[Date "2020.12.03"]
[Round "4.2"]
[White "Abergel, Thal"]
[Black "Alonso Garcia, Aaron"]
[Result "1/2-1/2"]
[WhiteElo "2444"]
[BlackElo "2258"]
[Annotator "TA"]
[PlyCount "146"]
[EventDate "2020.11.29"]
[EventCountry "ESP"]
[SourceTitle "playchess.com"]
[Source "ChessBase"]
[SourceQuality "1"]

{[%evp 22,146,15,36,28,26,34,8,50,7,7,14,18,18,14,18,18,16,19,27,29,34,39,18,45,45,56,52,109,107,132,132,118,112,156,145,148,105,122,94,101,84,85,76,84,55,62,55,54,56,67,72,131,148,237,74,88,91,91,91,89,74,87,81,85,88,106,67,244,93,99,44,116,101,114,0,0,0,0,0,0,0,0,0,8,8,344,29,29,29,36,18,127,164,195,186,211,204,193,8,8,8,8,8,52,8,8,8,8,8,8,8,8,8,8,8,8,8,8,8,37,52,59,8,8,8,8]} 1. d4 Nf6 2. Nf3 e6 3. e3 c5 4. Bd3 cxd4 5. exd4 b6 6. O-O Bb7 7. c4 Be7 8. Nc3 d5 9. cxd5 Nxd5 10. Ne5 O-O 11. Qg4 Nf6 12. Qh4 Nbd7 {E14: Queen's Indian: Classical Variation (4 e3).} 13. Rd1 Re8 14. Qh3 a6 15. Nxd7 (15. Be3 {looks sharper.} b5 16. Rac1 Rc8 17. a3 g6 18. Be2) 15... Qxd7 {[#]} 16. d5 $146 {[%mdl 512]} ({Predecessor:} 16. Bg5 g6 17. Bf4 Rac8 18. Be5 b5 19. Re1 Qd8 20. a3 Nd7 21. Bf4 Nb6 22. Rad1 {0-1 (56) Morrell,G (2276)-Kriksciunas,B (2275) ICCF email 2014}) 16... g6 (16... Bxd5 17. Nxd5) 17. dxe6 Qxe6 18. Qxe6 fxe6 19. Bc4 Bb4 20. Bd2 b5 21. Bb3 Bc5 22. Bg5 Ng4 23. Bh4 g5 24. Bg3 Re7 ({Better is} 24... Nf6 $14) 25. h3 $16 Nh6 26. Bd6 Bxd6 27. Rxd6 Kf7 28. Rb6 Nf5 29. Rd1 Ng7 30. Bc2 h6 31. Be4 Ra7 32. Rd8 Ne8 33. Rb8 Bxe4 34. Nxe4 Rec7 $1 35. a3 Rc2 36. b4 Ra2 (36... Rc1+ $142 37. Kh2 Rc2) 37. Nc5 Ng7 (37... Rxa3 $16 38. Rxe6 Nf6) 38. Rxa6 $2 (38. Rh8 $18 {has better winning chances.}) 38... Rxa6 39. Nxa6 Rxa3 $18 {[%mdl 4096] Endgame KRN-KRN} 40. Nc5 Nf5 41. Rxb5 Ra1+ 42. Kh2 Ra2 43. Rb7+ Kg6 44. Nd3 Nd4 $2 (44... Kf6 $1 $14) 45. Rd7 $2 (45. b5 $18) 45... Nb5 $16 46. g4 ({White should try} 46. g3 $16) 46... Ra3 ({Black should play} 46... Nc3 $14) 47. Kg2 (47. Nc5 {is interesting.} e5 48. Kg2 Nd4 49. Rd6+ Kg7 50. Rd5) 47... Nc3 {[#]} 48. Rd6 (48. Nc5 $1 $16) 48... Nd5 $1 $11 49. Nc5 ({Don't go for} 49. Rxe6+ $2 Kh7 $19) 49... Nf4+ 50. Kh2 Rxh3+ 51. Kg1 Kf7 52. b5 {And now b6 would win.} Rc3 {Strongly threatening ...Rc1+.} 53. Rc6 Rc1+ 54. Kh2 Nd5 55. Nxe6 Rb1 56. Nd4 {Hoping for Nf5.} Rb4 (56... Nf6 $1 $11 {keeps the balance.}) 57. Nf5 $16 Kf8 58. Rc5 Nf6 59. Nxh6 Rf4 60. Rf5 $2 (60. Rc7 $18) 60... Rxf5 $11 61. Nxf5 {Cut Off at move 61} Nxg4+ {KN-KN} 62. Kg3 Ne5 63. b6 {[%cal Bb5b6,Bb6b7][%mdl 32]} Nd7 64. b7 Ke8 65. Nd4 {Black must now prevent Nc6.} Nb8 $1 66. Kg4 Kd7 67. Kxg5 {aiming for Kf6.} Kc7 68. Kf6 {Threatening Ke7.} Kxb7 69. Ke7 {f4 is the strong threat.} Kc7 70. f4 {Threatens to win with f5.} Nd7 71. f5 Ne5 72. f6 (72. Nb5+ $14 Kc6 73. Nc3) 72... Ng4 73. Ne6+ Kb6 {Weighted Error Value: White=0.26/Black=0.27} 1/2-1/2

[Event "FEDA International IM 2020"]
[Site "La Palma"]
[Date "2020.12.03"]
[Round "4.3"]
[White "Garrido Outon, Alex"]
[Black "Habans Aguerrea, Javier"]
[Result "1-0"]
[WhiteElo "2359"]
[BlackElo "2269"]
[Annotator "ChessBase"]
[PlyCount "89"]
[EventDate "2020.11.29"]
[EventCountry "ESP"]
[SourceTitle "playchess.com"]
[Source "ChessBase"]
[SourceQuality "1"]

1. e4 e5 2. Nf3 d6 3. d4 exd4 4. Nxd4 Nf6 5. Nc3 Be7 6. Be2 O-O 7. Bf4 Nc6 8. Qd2 Nxd4 9. Qxd4 Be6 10. O-O-O a6 11. f3 b5 12. g4 c5 13. Qd2 b4 14. Nd5 Bxd5 15. exd5 Qa5 16. Kb1 Nd7 17. g5 Nb6 18. h4 c4 19. Qd4 h5 20. Be3 Rab8 21. f4 Rfc8 22. Qe4 Na4 23. Bxc4 g6 24. Bb3 Bf8 25. f5 Re8 26. Qd3 Kh7 27. fxg6+ fxg6 28. Rhf1 Bg7 29. Rf7 Nc5 30. Qd4 Rg8 31. Qf4 Rbf8 32. Rxf8 Bxf8 33. Bc4 Bg7 34. Qxd6 Ne4 35. Qe6 b3 36. Bxb3 Nc3+ 37. bxc3 Qxc3 38. Kc1 Be5 39. Qe7+ Rg7 40. Qc5 Qb2+ 41. Kd2 Rc7 42. Qb6 Rf7 43. d6 Bf4 44. Bxf4 Rxf4 45. Bg8+ 1-0

[Event "FEDA International IM 2020"]
[Site "La Palma"]
[Date "2020.12.03"]
[Round "4.4"]
[White "Adla, Diego"]
[Black "Quispe Arteaga, Gabriel"]
[Result "1-0"]
[WhiteElo "2433"]
[BlackElo "2397"]
[Annotator "ChessBase"]
[PlyCount "125"]
[EventDate "2020.11.29"]
[EventCountry "ESP"]
[SourceTitle "playchess.com"]
[Source "ChessBase"]
[SourceQuality "1"]

1. e4 c5 2. Nf3 Nc6 3. Bb5 g6 4. Bxc6 dxc6 5. d3 Bg7 6. Nc3 b6 7. h3 e5 8. Be3 h6 9. a3 Qe7 10. O-O Nf6 11. b4 Nd7 12. Qd2 Bb7 13. bxc5 Nxc5 14. a4 Rd8 15. Nh2 Bc8 16. f4 exf4 17. Bxf4 Nxd3 18. cxd3 Qc5+ 19. Be3 Qxc3 20. Qxc3 Bxc3 21. Rac1 Bg7 22. Rxc6 O-O 23. Rd1 Bd7 24. Rc4 Be6 25. Rc7 Rd7 26. Rxd7 Bxd7 27. a5 bxa5 28. Bc5 Ba4 29. Rc1 Rd8 30. Ng4 f5 31. exf5 gxf5 32. Ne3 Bd7 33. Nc4 a4 34. d4 Be6 35. Ne5 Rc8 36. Kf2 Bf8 37. Rc3 a3 38. Rxa3 Rxc5 39. Rg3+ Kh7 40. dxc5 Bxc5+ 41. Ke2 a5 42. Rc3 Bb4 43. Rc7+ Kg8 44. Ra7 Bd5 45. g3 Bd6 46. Rxa5 Bxe5 47. Rxd5 Bxg3 48. Rxf5 Kg7 49. Kf3 Bh4 50. Kg4 Bg5 51. Kh5 Bc1 52. Rc5 Bd2 53. Rc6 Kf7 54. Rc2 Be3 55. Rc6 Bd2 56. Kg4 Bg5 57. Kf5 Ke7 58. Kg6 Bd2 59. Kg7 Bg5 60. Ra6 Bf4 61. Ra4 Bg5 62. h4 Bc1 63. Rc4 1-0

[Event "FEDA International IM 2020"]
[Site "La Palma"]
[Date "2020.12.03"]
[Round "4.5"]
[White "Sosa, Tomas"]
[Black "Macias Pino, Diego"]
[Result "1/2-1/2"]
[WhiteElo "2529"]
[BlackElo "2153"]
[Annotator "ChessBase"]
[PlyCount "69"]
[EventDate "2020.11.29"]
[EventCountry "ESP"]
[SourceTitle "playchess.com"]
[Source "ChessBase"]
[SourceQuality "1"]

1. e4 c6 2. Nf3 d5 3. d3 Bg4 4. h3 Bxf3 5. Qxf3 e6 6. Qg3 g6 7. Bg5 Be7 8. Bxe7 Qxe7 9. Nd2 Nf6 10. h4 h5 11. O-O-O Nbd7 12. exd5 cxd5 13. d4 a6 14. Bd3 Nb8 15. Nf3 Nc6 16. Rhe1 O-O-O 17. c3 Qc7 18. Ng5 Rd7 19. Qxc7+ Kxc7 20. Re3 Ng4 21. Rf3 Nd8 22. Re1 Kd6 23. a4 Rg8 24. Nh3 Nc6 25. Rg3 Rc8 26. Kd2 b5 27. axb5 axb5 28. Bxb5 Rb7 29. Bxc6 Rxb2+ 30. Kc1 Rcb8 31. Ba4 Rb1+ 32. Kd2 R8b2+ 33. Bc2 Rxc2+ 34. Kxc2 Rxe1 35. Rf3 1/2-1/2